000 01531nam0a2200337 4500
001 RU\NLR\bibl\1878453
005 20260408204531.0
010 _a978-5-459-00435-9
_92500
021 _aRU
_b2012-11101
_9837
035 _a(NLR Aleph) 001868242
090 _a2625303
_c2625303
100 _a20120311d2011 u y0rusy50 ca
101 1 _arus
_ceng
102 _aRU
105 _aac |||||||||
200 1 _aПаттерны проектирования
_fЭрик Фримен, Элизабет Фримен
_gпри участии Кэтти Сьерра и Берта Бейтса
_g[пер. с англ. Е. Матвеев]
210 _aСанкт-Петербург [и др.]
_cПитер
_d2011
215 _a645 с.
_cил., портр.
_d24
300 _aЗагл. и авт. ориг.: Head first design patterns / Eric Freeman, Elisabeth Freeman with Kathy Sierra, Bert Bates
454 0 _12001#$aHead first design patterns
_1700#1$aFreeman$bE.$gEric$4070
_1701#1$aRobson$bE.$gElisabeth$3RU\NLR\AUTH\770243085$4070
_tHead first design patterns
_aFreeman, Eric
606 _aПрограммы (компьют.)
_xШаблоны
_92102418
_3RU\NLR\auth\661575001
686 1 _aЗ973.2-018
700 1 _aФримен
_bЭ.
_gЭрик
_4070
701 1 _4070
_7ca
_8rus
_aРобсон
_bЭ.
_gЭлизабет
_9243011
_3RU\NLR\AUTH\770243067
801 0 _aRU
_bNLR
_c20120311
_gRCR
801 1 _aRU
_bNLR
_c20120311
942 _cBOOK
980 _aNB
980 _aNBR